The Friday Multiple Choice Quiz (General Knowledge) #18 - Statistics

General Stats
  • This quiz has been taken 24 times
  • The average score is 6 of 10
Answer Stats
Question Answer % Correct
In Home Alone 2, who played himself as owner of the Plaza Hotel? Donald Trump
92%
How do sea otters sleep? Floating on their backs, holding paws
92%
In July 2025 which American rap artist became a minority investor in Swansea city? Snoop Dogg
71%
Which Stella Gibbons novel features these place names: Great Piddle, Howling and Lower Tinkle? Cold Comfort Farm
67%
In what year did Abraham Lincoln become President of the United States? 1861
63%
In which year did the following happen: Lewis Hamilton won his first Formula 1 Title, Heath Ledger died of an overdose, and Lehman Brothers bank went bankrupt? 2008
63%
As of March 2026, who is the Governor of the Bank of England? Andrew Bailey
58%
In 1970, who had a UK top ten hit with 'The Green Manalishi (With the Two Prong Crown)'? Fleetwood Mac
42%
What is the name of the teddy bear in Brideshead Revisited? Aloysius
38%
In which county is the source of the Thames? Gloucestershire
25%
No matching quizzes found
Score Distribution
Percent of People with Each Score
Percentile by Number Answered
Your Score History
You have not taken this quiz